000 00216 a2200097 4500
020 _a9789364872201
100 _aGroup of authors
245 _a23 Kathakal(23 കഥകൾ)
260 _bD C books
_c2025
942 _cOO
999 _c115244
_d115243